000
00289nam a2200121Ia 4500
008
190216s9999||||xx |||||||||||||| ||und||
100
_a
Sony P L
245
0
_a
Text Book Of Inorganic Chemistry
260
_b
Sulthan Chand&Sons
_c
1989
300
_a
3360p
650
_a
Chemistry
942
_c
BK
999
_c
2074
_d
2074